Religion catholique : les cathédrales - Statistiques

Statistiques générales
  • Ce quiz a été pris 111 fois
  • Le résultat moyen est 9 sur 16
Statistiques - réponses
Questions Réponses % Correct
Forme que prend la majorité des cathédrales du Moyen-âge (Notre-Dame de Paris, de Chartres, de Rouen, etc.) vues du ciel. Elles symbolisent le corps mystique du Christ. Une croix
90%
Année du dernier incendie de Notre-Dame de Paris. 2019
85%
Relique de Jésus-Christ conservée à Notre-Dame de Paris où elle survécut miraculeusement à l'incendie de la cathédrale. la sainte Couronne d'épines
77%
Roi de France qui acquit cette sainte relique en 1238 et est entré sobrement, pieds nus, dans la cathédrale Notre-Dame de Paris pour la déposer. Saint Louis
74%
Saint irlandais à qui est dédié la cathédrale catholique de New York, construite entre 1853 et 1878. La cathédrale de Dublin porte également son nom. Saint Patrick
68%
La plus grande cathédrale de France et l'une des plus grandes cathédrales de style gothique au monde (nom de la ville). Amiens
60%
Cathédrale d'Allemagne de style gothique dont les tours sont les plus hautes tours de cathédrales au monde (nom de la ville). Selon la tradition, l'archevêque de la ville Rainald von Dassel a ramené les restes des Rois mages depuis Milan au XIIe siècle, relique qui est conservée dans la "Châsse des Rois mages". Cologne
57%
Au Moyen-âge, les différents métiers dont ceux du bâtiment se sont organisés en ______, c'est-à-dire des corps de métiers réunissant des ouvriers d'une même profession, dans le but de les protéger (formes de retraites, jours de congés, protection des malades, etc), corps qui seront supprimés à la Révolution françaises. C'est ce "métier du bâtiment" qui a bâti les principales cathédrales médiévales françaises. Corporation / Guilde
55%
Fils de Charlemagne qui fut le premier monarque français couronné en la cathédrale de Reims (l'ancienne). Louis le Pieux
54%
Dernier roi de France sacré en la cathédrale de Reims. Charles X
52%
Peintre impressionniste, auteur d'une série de trente tableaux de la cathédrale de Rouen, à différents moment d'une journée et avec des angles de vue différents. Claude Monet
52%
Vêtement que portait la très sainte Vierge Marie et qui est conservé comme relique en la cathédrale de Chartres. Son voile
49%
Ville dont la cathédrale a subi un incendie criminel en date du 18 juillet 2020. Il se trouve que le musée des Beaux-Arts de cette ville expose depuis deux siècles le tableau de Rubens évoqué à la question précédente. Nantes
47%
Ville des États-Unis d'Amérique où l'on retrouve une cathédrale dédiée au précédent ainsi qu'un cimetière (également à son nom) dont les tombes sont construites en briques au dessus du sol pour des questions sanitaires, la ville étant située sous le niveau de la mer. La Nouvelle-Orléans
42%
Figure créée sur le sol d'une église. Il s'agit d'une représentation du pèlerinage spirituel du chrétien qui doit quitter les choses extérieures pour arriver au cœur, càd à Dieu, en suivant un unique Chemin qui est le Christ. La cathédrale de Chartres renferme la plus grande de ces figures jamais dessinée dans une église avec ses 12,88 m de diamètre. Le labyrinthe
32%
Ville belge proche de la frontière française, dont la cathédrale alors très riche en œuvres d'art a été pillée en 1794 par les révolutionnaires français qui venaient d'envahir la Belgique. Notamment le "Triomphe de Judas Maccabées" de Rubens a été volé et est aujourd'hui réclamé par l'administration municipale de cette ville. Tournai
31%
Aucun quiz correspondant
Distribution des résultats
% des personnes avec chaque résultat
Percentile par nombre de réponses
Votre historique - résultats
Vous n’avez pas pris ce quiz